[Event "DEM U10 2023"]
[Site "Willingen GER"]
[Date "2023.06.02"]
[Round "9"]
[White "Aguike, Toshiya"]
[Black "Retzlaff, Nick"]
[Result "1-0"]
[Termination "normal"]
[Board "13"]
[WhiteElo "1490"]
[BlackElo "1523"]
[WhiteClock "00:38:08"]
[BlackClock "00:03:31"]
[PlyCount "85"]
[WhiteFideId "34611347"]
[BlackFideId "34610367"]
[EventCountry "GER"]
[EventRounds "11"]
[EventType "swiss"]
[EventDate "2023.05.27"]

1. e4 {[%clk 01:15:57]} {[%emt 00:00:02]} e5 {[%clk 01:15:52]} {[%emt
00:00:08]} 2. Nf3 {[%clk 01:16:21]} {[%emt 00:00:05]} Nc6 {[%clk 01:16:18]}
{[%emt 00:00:06]} 3. Bc4 {[%clk 01:16:45]} {[%emt 00:00:05]} Bc5 {[%clk
01:16:44]} {[%emt 00:00:04]} 4. O-O {[%clk 01:17:02]} {[%emt 00:00:13]} Nf6
{[%clk 01:16:46]} {[%emt 00:00:28]} 5. d4 {[%clk 01:17:25]} {[%emt 00:00:07]}
Bxd4 {[%clk 01:15:14]} {[%emt 00:02:01]} 6. Nxd4 {[%clk 01:17:47]} {[%emt
00:00:08]} Nxd4 {[%clk 01:14:22]} {[%emt 00:01:23]} 7. Bg5 {[%clk 01:18:07]}
{[%emt 00:00:09]} h6 {[%clk 01:13:35]} {[%emt 00:01:18]} 8. Bh4 {[%clk
01:16:52]} {[%emt 00:01:45]} g5 {[%clk 01:02:13]} {[%emt 00:11:51]} 9. f4
{[%clk 01:16:42]} {[%emt 00:00:40]} d5 {[%clk 00:41:03]} {[%emt 00:21:41]} 10.
exd5 {[%clk 01:14:17]} {[%emt 00:02:55]} Nxd5 {[%clk 00:34:27]} {[%emt
00:07:06]} 11. fxe5 {[%clk 01:10:47]} {[%emt 00:04:00]} Be6 {[%clk 00:32:02]}
{[%emt 00:02:56]} 12. Qxd4 {[%clk 01:08:50]} {[%emt 00:02:26]} gxh4 {[%clk
00:31:37]} {[%emt 00:00:55]} 13. Qf2 {[%clk 01:08:07]} {[%emt 00:01:13]} Rg8
{[%clk 00:30:58]} {[%emt 00:01:08]} 14. Nc3 {[%clk 01:07:27]} {[%emt 00:01:11]}
Rg4 {[%clk 00:27:30]} {[%emt 00:03:58]} 15. Bxd5 {[%clk 01:04:36]} {[%emt
00:03:21]} Bxd5 {[%clk 00:27:20]} {[%emt 00:00:41]} 16. Rad1 {[%clk 01:04:04]}
{[%emt 00:01:01]} Rxg2+ {[%clk 00:25:28]} {[%emt 00:02:23]} 17. Qxg2 {[%clk
01:01:58]} {[%emt 00:02:35]} Bxg2 {[%clk 00:25:46]} {[%emt 00:00:12]} 18. Rxd8+
{[%clk 01:02:22]} {[%emt 00:00:06]} Rxd8 {[%clk 00:25:04]} {[%emt 00:01:13]}
19. Kxg2 {[%clk 01:02:43]} {[%emt 00:00:07]} c6 {[%clk 00:23:56]} {[%emt
00:01:38]} 20. Rd1 {[%clk 01:01:45]} {[%emt 00:01:28]} Rc8 {[%clk 00:19:37]}
{[%emt 00:04:50]} 21. Ne4 {[%clk 01:01:45]} {[%emt 00:00:29]} Ke7 {[%clk
00:19:29]} {[%emt 00:00:37]} 22. Rd6 {[%clk 01:00:53]} {[%emt 00:01:22]} Rg8+
{[%clk 00:18:53]} {[%emt 00:01:07]} 23. Kf2 {[%clk 01:01:00]} {[%emt 00:00:21]}
h3 {[%clk 00:18:58]} {[%emt 00:00:27]} 24. Rd7+ {[%clk 01:01:13]} {[%emt
00:00:17]} Ke6 {[%clk 00:18:59]} {[%emt 00:00:29]} 25. Rxb7 {[%clk 00:59:13]}
{[%emt 00:02:30]} Rg2+ {[%clk 00:19:00]} {[%emt 00:00:29]} 26. Kf3 {[%clk
00:59:22]} {[%emt 00:00:17]} Rxh2 {[%clk 00:18:53]} {[%emt 00:00:41]} 27. Nf2
{[%clk 00:55:00]} {[%emt 00:04:52]} Rg2 {[%clk 00:17:38]} {[%emt 00:01:45]} 28.
Nxh3 {[%clk 00:53:50]} {[%emt 00:01:41]} Rxc2 {[%clk 00:16:41]} {[%emt
00:01:26]} 29. Nf4+ {[%clk 00:53:35]} {[%emt 00:00:45]} Kxe5 {[%clk 00:16:07]}
{[%emt 00:01:04]} 30. Rxf7 {[%clk 00:53:06]} {[%emt 00:00:59]} Kd4 {[%clk
00:15:27]} {[%emt 00:01:10]} 31. Rd7+ {[%clk 00:53:08]} {[%emt 00:00:28]} Kc4
{[%clk 00:15:05]} {[%emt 00:00:53]} 32. b3+ {[%clk 00:50:56]} {[%emt 00:02:42]}
Kc3 {[%clk 00:13:46]} {[%emt 00:01:49]} 33. Rxa7 {[%clk 00:49:53]} {[%emt
00:01:32]} Kb2 {[%clk 00:13:03]} {[%emt 00:01:14]} 34. Ke4 {[%clk 00:46:21]}
{[%emt 00:04:00]} Ka1 {[%clk 00:11:40]} {[%emt 00:01:54]} 35. Kd4 {[%clk
00:44:07]} {[%emt 00:02:43]} Rf2 {[%clk 00:09:45]} {[%emt 00:02:26]} 36. Nd3
{[%clk 00:42:34]} {[%emt 00:02:03]} Rf5 {[%clk 00:09:41]} {[%emt 00:00:34]} 37.
Kc3 {[%clk 00:41:48]} {[%emt 00:01:16]} h5 {[%clk 00:08:19]} {[%emt 00:01:52]}
38. Kc2 {[%clk 00:41:09]} {[%emt 00:01:10]} h4 {[%clk 00:07:24]} {[%emt
00:01:25]} 39. Rh7 {[%clk 00:40:03]} {[%emt 00:01:35]} h3 {[%clk 00:07:07]}
{[%emt 00:00:48]} 40. Rxh3 {[%clk 00:39:45]} {[%emt 00:00:48]} Kxa2 {[%clk
00:07:26]} {[%emt 00:00:11]} 41. Kc3 {[%clk 00:39:24]} {[%emt 00:00:51]} Ka3
{[%clk 00:05:18]} {[%emt 00:02:38]} 42. Rh1 {[%clk 00:38:54]} {[%emt 00:01:00]}
Ka2 {[%clk 00:03:31]} {[%emt 00:02:17]} 43. Nb4+ {[%clk 00:38:08]} {[%emt
00:00:44]} 1-0

[Event "DEM U10 2023"]
[Site "Willingen GER"]
[Date "2023.06.02"]
[Round "9"]
[White "Pflugbeil, Julian"]
[Black "Becker, Linus"]
[Result "1-0"]
[Termination "normal"]
[Board "14"]
[WhiteElo "1242"]
[BlackElo "1445"]
[WhiteClock "01:07:38"]
[BlackClock "00:04:52"]
[PlyCount "85"]
[WhiteFideId "34608850"]
[BlackFideId "34614958"]
[EventCountry "GER"]
[EventRounds "11"]
[EventType "swiss"]
[EventDate "2023.05.27"]

1. e4 {[%clk 01:15:59]} {[%emt 00:00:01]} c5 {[%clk 01:15:52]} {[%emt
00:00:09]} 2. Nc3 {[%clk 01:16:25]} {[%emt 00:00:03]} Nc6 {[%clk 01:16:10]}
{[%emt 00:00:12]} 3. f4 {[%clk 01:16:49]} {[%emt 00:00:06]} g6 {[%clk
01:16:33]} {[%emt 00:00:07]} 4. Nf3 {[%clk 01:17:04]} {[%emt 00:00:15]} Bg7
{[%clk 01:16:55]} {[%emt 00:00:07]} 5. Bc4 {[%clk 01:17:13]} {[%emt 00:00:22]}
e6 {[%clk 01:17:10]} {[%emt 00:00:15]} 6. d3 {[%clk 01:17:28]} {[%emt
00:00:15]} Nge7 {[%clk 01:17:21]} {[%emt 00:00:18]} 7. O-O {[%clk 01:16:44]}
{[%emt 00:01:15]} O-O {[%clk 01:17:37]} {[%emt 00:00:13]} 8. Qe1 {[%clk
01:16:42]} {[%emt 00:00:32]} d5 {[%clk 01:17:55]} {[%emt 00:00:12]} 9. Bb5
{[%clk 01:16:39]} {[%emt 00:00:33]} a6 {[%clk 01:17:27]} {[%emt 00:00:59]} 10.
Bxc6 {[%clk 01:17:00]} {[%emt 00:00:10]} bxc6 {[%clk 01:17:51]} {[%emt
00:00:05]} 11. e5 {[%clk 01:17:17]} {[%emt 00:00:13]} Rb8 {[%clk 01:15:01]}
{[%emt 00:03:21]} 12. g4 {[%clk 01:16:48]} {[%emt 00:00:58]} Rb7 {[%clk
01:02:38]} {[%emt 00:12:53]} 13. Na4 {[%clk 01:15:30]} {[%emt 00:01:49]} Rb5
{[%clk 01:01:20]} {[%emt 00:01:47]} 14. c4 {[%clk 01:13:52]} {[%emt 00:02:08]}
Rb8 {[%clk 00:50:38]} {[%emt 00:11:10]} 15. Nxc5 {[%emt 00:00:45]} f5 {[%clk
00:44:00]} {[%emt 00:07:00]} 16. g5 {[%clk 01:13:54]} {[%emt 00:00:23]} Kf7
{[%clk 00:43:10]} {[%emt 00:01:19]} 17. Bd2 {[%clk 01:12:46]} {[%emt 00:01:39]}
Qb6 {[%clk 00:31:34]} {[%emt 00:12:05]} 18. b4 {[%clk 01:11:54]} {[%emt
00:01:24]} dxc4 {[%clk 00:29:54]} {[%emt 00:02:10]} 19. dxc4 {[%clk 01:11:01]}
{[%emt 00:01:23]} Rd8 {[%clk 00:30:09]} {[%emt 00:00:15]} 20. Rb1 {[%clk
01:11:07]} {[%emt 00:00:24]} Bf8 {[%clk 00:25:52]} {[%emt 00:04:46]} 21. Be3
{[%clk 01:11:24]} {[%emt 00:00:14]} Qc7 {[%clk 00:25:17]} {[%emt 00:01:05]} 22.
Na4 {[%clk 01:10:58]} {[%emt 00:00:57]} Ng8 {[%clk 00:24:36]} {[%emt 00:01:10]}
23. c5 {[%clk 01:11:20]} {[%emt 00:00:08]} Bb7 {[%clk 00:22:44]} {[%emt
00:02:21]} 24. Nd4 {[%clk 01:10:58]} {[%emt 00:00:52]} Ne7 {[%clk 00:20:56]}
{[%emt 00:02:18]} 25. Qh4 {[%clk 01:11:16]} {[%emt 00:00:12]} Bg7 {[%clk
00:20:51]} {[%emt 00:00:34]} 26. Qe1 {[%clk 01:10:32]} {[%emt 00:01:14]} Nd5
{[%clk 00:20:51]} {[%emt 00:00:30]} 27. Nf3 {[%clk 01:06:54]} {[%emt 00:04:08]}
a5 {[%clk 00:16:56]} {[%emt 00:04:27]} 28. a3 {[%clk 01:05:36]} {[%emt
00:01:48]} Ba6 {[%clk 00:14:13]} {[%emt 00:03:12]} 29. Rf2 {[%clk 01:05:36]}
{[%emt 00:00:30]} axb4 {[%clk 00:13:53]} {[%emt 00:00:51]} 30. axb4 {[%clk
01:05:59]} {[%emt 00:00:07]} Nxe3 {[%clk 00:13:15]} {[%emt 00:01:08]} 31. Qxe3
{[%clk 01:06:21]} {[%emt 00:00:07]} Rd3 {[%clk 00:13:40]} {[%emt 00:00:06]} 32.
Qe1 {[%clk 01:06:10]} {[%emt 00:00:39]} Rbd8 {[%clk 00:12:27]} {[%emt
00:01:44]} 33. Kg2 {[%clk 01:05:55]} {[%emt 00:00:45]} Ra3 {[%clk 00:10:42]}
{[%emt 00:02:15]} 34. Ra1 {[%clk 01:05:44]} {[%emt 00:00:42]} Rad3 {[%clk
00:07:06]} {[%emt 00:04:05]} 35. Nb2 {[%clk 01:05:51]} {[%emt 00:00:24]} Qb7
{[%clk 00:06:40]} {[%emt 00:00:56]} 36. Nxd3 {[%clk 01:06:06]} {[%emt
00:00:15]} Rxd3 {[%clk 00:06:08]} {[%emt 00:01:01]} 37. Rd2 {[%clk 01:06:26]}
{[%emt 00:00:10]} Rb3 {[%clk 00:05:48]} {[%emt 00:00:50]} 38. Kg3 {[%clk
01:06:28]} {[%emt 00:00:27]} Rxb4 {[%clk 00:04:55]} {[%emt 00:01:25]} 39. Rxa6
{[%clk 01:06:34]} {[%emt 00:00:24]} Qxa6 {[%clk 00:04:52]} {[%emt 00:00:33]}
40. Rd7+ {[%clk 01:06:56]} {[%emt 00:00:08]} Ke8 {[%clk 00:04:33]} {[%emt
00:00:48]} 41. Qd2 {[%clk 01:07:02]} {[%emt 00:00:24]} Rb8 {[%clk 00:04:36]}
{[%emt 00:00:27]} 42. Rxg7 {[%clk 01:07:26]} {[%emt 00:00:07]} Rd8 {[%clk
00:04:52]} {[%emt 00:00:14]} 43. Rg8+ {[%clk 01:07:38]} {[%emt 00:00:36]} 1-0

[Event "DEM U10 2023"]
[Site "Willingen GER"]
[Date "2023.06.02"]
[Round "9"]
[White "Sutharjan, Dakxwin"]
[Black "Fels, Mattis"]
[Result "1-0"]
[Termination "normal"]
[Board "15"]
[WhiteElo "1438"]
[BlackElo "1682"]
[WhiteClock "00:46:32"]
[BlackClock "00:31:39"]
[PlyCount "137"]
[WhiteFideId "34606548"]
[BlackFideId "34623795"]
[EventCountry "GER"]
[EventRounds "11"]
[EventType "swiss"]
[EventDate "2023.05.27"]

1. e4 {[%clk 01:15:58]} {[%emt 00:00:01]} c5 {[%clk 01:15:54]} {[%emt
00:00:06]} 2. d4 {[%clk 01:16:18]} {[%emt 00:00:10]} cxd4 {[%clk 01:16:18]}
{[%emt 00:00:06]} 3. c3 {[%clk 01:16:24]} {[%emt 00:00:24]} dxc3 {[%clk
01:16:40]} {[%emt 00:00:08]} 4. Nxc3 {[%clk 01:16:45]} {[%emt 00:00:09]} Nc6
{[%clk 01:16:58]} {[%emt 00:00:13]} 5. Nf3 {[%clk 01:17:06]} {[%emt 00:00:09]}
e6 {[%clk 01:17:18]} {[%emt 00:00:10]} 6. Bc4 {[%clk 01:17:21]} {[%emt
00:00:14]} a6 {[%clk 01:17:34]} {[%emt 00:00:15]} 7. O-O {[%clk 01:16:13]}
{[%emt 00:01:38]} Nge7 {[%clk 01:17:29]} {[%emt 00:00:34]} 8. Bg5 {[%clk
01:16:10]} {[%emt 00:00:33]} h6 {[%clk 01:17:49]} {[%emt 00:00:11]} 9. Be3
{[%clk 01:13:25]} {[%emt 00:03:15]} b5 {[%clk 01:17:25]} {[%emt 00:00:54]} 10.
Bb3 {[%clk 01:13:05]} {[%emt 00:00:49]} Ng6 {[%clk 01:16:45]} {[%emt 00:01:10]}
11. Nd4 {[%clk 01:11:50]} {[%emt 00:01:46]} Bb7 {[%clk 01:15:06]} {[%emt
00:02:09]} 12. Nxc6 {[%clk 01:10:38]} {[%emt 00:01:42]} Bxc6 {[%clk 01:14:13]}
{[%emt 00:01:24]} 13. Re1 {[%clk 01:08:05]} {[%emt 00:03:03]} Be7 {[%clk
01:00:46]} {[%emt 00:13:57]} 14. Qe2 {[%clk 01:03:20]} {[%emt 00:05:14]} O-O
{[%clk 01:00:33]} {[%emt 00:00:44]} 15. Rad1 {[%clk 01:02:32]} {[%emt
00:01:18]} Qc7 {[%clk 00:55:33]} {[%emt 00:05:30]} 16. Rc1 {[%clk 01:00:35]}
{[%emt 00:02:27]} Qb7 {[%clk 00:54:35]} {[%emt 00:01:27]} 17. Qg4 {[%clk
00:58:12]} {[%emt 00:02:54]} b4 {[%clk 00:47:17]} {[%emt 00:07:49]} 18. Na4
{[%clk 00:57:34]} {[%emt 00:01:08]} Bxe4 {[%clk 00:47:19]} {[%emt 00:00:28]}
19. Nc5 {[%clk 00:57:38]} {[%emt 00:00:26]} Bxc5 {[%clk 00:46:55]} {[%emt
00:00:54]} 20. Bxc5 {[%clk 00:57:18]} {[%emt 00:00:50]} Bf5 {[%clk 00:47:05]}
{[%emt 00:00:19]} 21. Qxb4 {[%clk 00:57:20]} {[%emt 00:00:28]} Qxb4 {[%clk
00:47:04]} {[%emt 00:00:31]} 22. Bxb4 {[%clk 00:57:45]} {[%emt 00:00:05]} Rfc8
{[%clk 00:47:10]} {[%emt 00:00:24]} 23. Bd6 {[%clk 00:55:27]} {[%emt 00:02:48]}
a5 {[%clk 00:32:31]} {[%emt 00:15:10]} 24. Ba4 {[%clk 00:54:54]} {[%emt
00:01:02]} Nf8 {[%clk 00:32:25]} {[%emt 00:00:36]} 25. Bxf8 {[%clk 00:53:53]}
{[%emt 00:01:31]} Kxf8 {[%clk 00:32:41]} {[%emt 00:00:14]} 26. Bxd7 {[%clk
00:54:06]} {[%emt 00:00:17]} Rd8 {[%clk 00:32:24]} {[%emt 00:00:47]} 27. Rc7
{[%clk 00:52:37]} {[%emt 00:01:59]} Rab8 {[%clk 00:32:31]} {[%emt 00:00:23]}
28. b3 {[%clk 00:52:11]} {[%emt 00:00:57]} a4 {[%clk 00:32:25]} {[%emt
00:00:36]} 29. Bxa4 {[%clk 00:51:12]} {[%emt 00:01:29]} Rd2 {[%clk 00:32:41]}
{[%emt 00:00:14]} 30. h3 {[%clk 00:49:14]} {[%emt 00:02:28]} Rbd8 {[%clk
00:31:33]} {[%emt 00:01:38]} 31. Rec1 {[%clk 00:48:13]} {[%emt 00:01:31]} e5
{[%clk 00:27:56]} {[%emt 00:04:07]} 32. b4 {[%clk 00:45:15]} {[%emt 00:03:28]}
Rxa2 {[%clk 00:28:01]} {[%emt 00:00:25]} 33. Bb3 {[%clk 00:45:38]} {[%emt
00:00:07]} Rb2 {[%clk 00:28:23]} {[%emt 00:00:08]} 34. Rxf7+ {[%clk 00:45:50]}
{[%emt 00:00:18]} Ke8 {[%clk 00:28:15]} {[%emt 00:00:37]} 35. Rxf5 {[%clk
00:45:58]} {[%emt 00:00:23]} Rxb3 {[%clk 00:28:34]} {[%emt 00:00:11]} 36. Rxe5+
{[%clk 00:46:12]} {[%emt 00:00:16]} Kf7 {[%clk 00:28:44]} {[%emt 00:00:20]} 37.
Rb5 {[%clk 00:42:30]} {[%emt 00:04:12]} Rd4 {[%clk 00:28:11]} {[%emt 00:01:02]}
38. Rc7+ {[%clk 00:42:41]} {[%emt 00:00:20]} Kf6 {[%clk 00:28:35]} {[%emt
00:00:06]} 39. Rb6+ {[%clk 00:43:07]} {[%emt 00:00:05]} Ke5 {[%clk 00:28:21]}
{[%emt 00:00:43]} 40. Rxg7 {[%clk 00:43:28]} {[%emt 00:00:09]} Rbxb4 {[%clk
00:28:28]} {[%emt 00:00:24]} 41. Rxb4 {[%clk 00:43:28]} {[%emt 00:00:29]} Rxb4
{[%clk 00:28:51]} {[%emt 00:00:07]} 42. Rg6 {[%clk 00:39:51]} {[%emt 00:04:08]}
Rh4 {[%clk 00:29:03]} {[%emt 00:00:17]} 43. Kh2 {[%clk 00:39:39]} {[%emt
00:00:43]} Kf5 {[%clk 00:28:45]} {[%emt 00:00:47]} 44. Ra6 {[%clk 00:39:38]}
{[%emt 00:00:30]} Kg5 {[%clk 00:28:09]} {[%emt 00:01:06]} 45. g4 {[%clk
00:40:03]} {[%emt 00:00:05]} Kf4 {[%clk 00:27:40]} {[%emt 00:00:58]} 46. Kg2
{[%clk 00:40:21]} {[%emt 00:00:13]} h5 {[%clk 00:27:24]} {[%emt 00:00:46]} 47.
Rh6 {[%clk 00:40:42]} {[%emt 00:00:09]} Kg5 {[%clk 00:27:10]} {[%emt 00:00:35]}
48. Rxh5+ {[%clk 00:41:05]} {[%emt 00:00:15]} Rxh5 {[%clk 00:27:34]} {[%emt
00:00:06]} 49. gxh5 {[%clk 00:41:31]} {[%emt 00:00:05]} Kxh5 {[%clk 00:27:55]}
{[%emt 00:00:10]} 50. f4 {[%clk 00:41:51]} {[%emt 00:00:10]} Kg6 {[%clk
00:26:30]} {[%emt 00:01:54]} 51. Kg3 {[%clk 00:42:03]} {[%emt 00:00:19]} Kh5
{[%clk 00:26:41]} {[%emt 00:00:18]} 52. h4 {[%clk 00:42:27]} {[%emt 00:00:06]}
Kh6 {[%clk 00:26:41]} {[%emt 00:00:30]} 53. Kg4 {[%clk 00:42:47]} {[%emt
00:00:11]} Kg6 {[%clk 00:26:59]} {[%emt 00:00:12]} 54. h5+ {[%clk 00:43:10]}
{[%emt 00:00:07]} Kf6 {[%clk 00:27:11]} {[%emt 00:00:16]} 55. f5 {[%clk
00:43:34]} {[%emt 00:00:07]} Kf7 {[%clk 00:27:25]} {[%emt 00:00:16]} 56. Kg5
{[%clk 00:44:00]} {[%emt 00:00:04]} Kg7 {[%clk 00:27:50]} {[%emt 00:00:05]} 57.
h6+ {[%clk 00:44:03]} {[%emt 00:00:27]} Kf7 {[%clk 00:28:03]} {[%emt 00:00:18]}
58. h7 {[%clk 00:44:24]} {[%emt 00:00:09]} Kg7 {[%clk 00:28:28]} {[%emt
00:00:05]} 59. h8=Q+ {[%clk 00:44:45]} {[%emt 00:00:09]} Kxh8 {[%clk 00:28:32]}
{[%emt 00:00:25]} 60. Kf6 {[%clk 00:43:56]} {[%emt 00:01:20]} Kh7 {[%clk
00:28:44]} {[%emt 00:00:18]} 61. Ke7 {[%emt 00:00:09]} Kg8 {[%clk 00:29:05]}
{[%emt 00:00:08]} 62. f6 {[%clk 00:44:43]} {[%emt 00:00:06]} Kh7 {[%clk
00:29:29]} {[%emt 00:00:05]} 63. f7 {[%clk 00:45:06]} {[%emt 00:00:07]} Kg6
{[%clk 00:29:50]} {[%emt 00:00:09]} 64. f8=Q {[%clk 00:45:27]} {[%emt
00:00:09]} Kh7 {[%clk 00:30:10]} {[%emt 00:00:10]} 65. Qf6 {[%clk 00:45:33]}
{[%emt 00:00:23]} Kg8 {[%clk 00:30:33]} {[%emt 00:00:08]} 66. Ke8 {[%clk
00:45:57]} {[%emt 00:00:06]} Kh7 {[%clk 00:30:56]} {[%emt 00:00:07]} 67. Qg5
{[%clk 00:46:08]} {[%emt 00:00:19]} Kh8 {[%clk 00:31:21]} {[%emt 00:00:05]} 68.
Kf7 {[%clk 00:46:37]} {[%emt 00:00:02]} Kh7 {[%clk 00:31:39]} {[%emt 00:00:12]}
69. Qg7 {[%clk 00:46:32]} {[%emt 00:00:04]} 1-0